<?xml version="1.0" encoding="UTF-8"?>
<marc:record xmlns:marc="http://www.loc.gov/MARC21/slim">
   <marc:leader>00000nam a2200000 a 4500</marc:leader>
   <marc:datafield ind1="1" ind2=" " tag="100">
      <marc:subfield code="a">Quast, Sara</marc:subfield>
      <marc:subfield code="4">aut</marc:subfield>
      <marc:subfield code="e">Verfasser/-in</marc:subfield>
   </marc:datafield>
   <marc:datafield ind1="0" ind2="0" tag="245">
      <marc:subfield code="a">GROSSBUCHSTABEN GESCHICHTEN</marc:subfield>
   </marc:datafield>
   <marc:datafield ind1="0" ind2="0" tag="245">
      <marc:subfield code="b">ALLERERSTES LESEN</marc:subfield>
   </marc:datafield>
   <marc:datafield ind1="0" ind2="0" tag="245">
      <marc:subfield code="c">Quast, Sara</marc:subfield>
   </marc:datafield>
   <marc:datafield ind1=" " ind2="1" tag="264">
      <marc:subfield code="a">Norderstedt</marc:subfield>
      <marc:subfield code="b">Books on Demand</marc:subfield>
      <marc:subfield code="c">2009</marc:subfield>
   </marc:datafield>
   <marc:datafield ind1=" " ind2=" " tag="250">
      <marc:subfield code="a">1. Aufl.</marc:subfield>
   </marc:datafield>
   <marc:datafield ind1="1" ind2=" " tag="520">
      <marc:subfield code="a">FÜR LESEANFÄNGER: KURZE WÖRTER UND WENIGE KURZE SÄTZE MIT ERSTGELERNTEN GROSSBUCHSTABEN: DIESE DREI GESCHICHTEN IN REIMFORM SOLLEN SPASS BEIM LESEN MACHEN UND EIN SCHNELLES ERFOLGSERLEBNIS ERMÖGLICHEN. LESEN MIT LAUTEN: UNSERE BUCHSTABEN KÖNNEN MANCHMAL LEICHT ANDERS AUSGESPROCHEN WERDEN: MANCHMAL GIBT ES AUCH GLEICHE LAUTE, DIE ANDERS BUCHSTABIERT WERDEN: DIESES BUCH SOLLEN DEN KINDERN DIE CHANCE GEBEN, SICH DAMIT AUSEINANDERZUSETZEN UND ZU ÜBEN. ALLE GESCHICHTEN HABEN NUR MÖGLICHST WENIG ERSTGELERNTE BUCHSTABEN. OMA OTTER (O-LAUTE) NUR MIT DEN BUCHSTABEN O, M, A, T, E, R, I, S, D, N, F, L, H, K und B GESCHRIEBEN. ELLA ENTE (E-LAUTE) NUR MIT DEN BUCHSTABEN O, M, A, T, E, R, I, S, D, N, F, L, K, G, B, U, und Ü GESCHRIEBEN. MAU (AU-LAUTE) NUR MIT DEN BUCHSTABEN O, M, A, T, E,R, I, S, D, N, F, L, H, C, R, U, Ü und W GESCHRIEBEN.</marc:subfield>
   </marc:datafield>
   <marc:datafield ind1=" " ind2=" " tag="020">
      <marc:subfield code="a">9783839117552</marc:subfield>
      <marc:subfield code="9">9783839117552</marc:subfield>
   </marc:datafield>
   <marc:datafield ind1=" " ind2=" " tag="020">
      <marc:subfield code="a">3839117550</marc:subfield>
      <marc:subfield code="9">3839117550</marc:subfield>
   </marc:datafield>
   <marc:datafield ind1=" " ind2=" " tag="041">
      <marc:subfield code="a">ger</marc:subfield>
   </marc:datafield>
   <marc:datafield ind1=" " ind2=" " tag="338">
      <marc:subfield code="a">Band</marc:subfield>
   </marc:datafield>
   <marc:datafield ind1=" " ind2=" " tag="300">
      <marc:subfield code="a">ca. 52 S. : Ill.</marc:subfield>
   </marc:datafield>
</marc:record>
